000
00289pam a2200145 a 4500
020
_c
041
_h
100
_a
G.S.Birdie
245
_a
Water Supply and Sanitary Engineering
260
_c
1994
300
_a
979
653
_a
Engineering
700
_a
J.S.Biradie
930
_a
904
999
_c
246757
_d
246757